| 000 | 01204nam a2200301 i 4500 | ||
|---|---|---|---|
| 003 | EG-ScBUE | ||
| 005 | 20231012093550.0 | ||
| 008 | 170727s1996 ua f b 000 0cara d | ||
| 040 |
_aEG-ScBUE _bara _erda _dEG-ScBUE _cEG-ScBUE |
||
| 043 | _af-ua--- | ||
| 082 | 0 | 4 |
_a923.1 _bش ر ق _222 |
| 100 | 1 |
_aشرقاوي، عبد الله، _eمؤلف. |
|
| 245 | 1 | 0 |
_aتحفة الناظرين فيمن ولى مصر من الملوك والسلاطين / _cعبد الله الشرقاوى ؛ تحقيق وتعليق رحاب عبد الحميد القاري. |
| 264 | 1 |
_aالقاهرة : _bمكتبة مدبولي، _c1996. |
|
| 300 |
_a223 صفحة ؛ _b24 سم. |
||
| 336 |
_2rdacontent _aنص _btxt |
||
| 337 |
_2rdamedia _aبدون وسيط _bn |
||
| 338 |
_2rdacarrier _aمجلد _bnc |
||
| 490 | 0 |
_aصفحات من تاريخ مصر ؛ _v33 |
|
| 504 | _aيشتمل علي إرجاعات ببليوجرافية. | ||
| 650 | _2BUEsh | ||
| 651 | 7 |
_aمصر _yملوك وحكام _vتراجم. _2BUEsh |
|
| 651 | 7 |
_aمصر _xتاريخ. _2BUEsh |
|
| 653 |
_bGGEN _bBUSBOL _cJuly2017 |
||
| 655 | _vReading book | ||
| 700 | 1 |
_aقاري، رحاب عبد الحميد، _eمحقق، _eمعلق. |
|
| 942 | _2ddc | ||
| 999 |
_c25078 _d25050 |
||